Islam in the British broadsheets :the impact of Orientalism on representations of Islam in the British press -(E-BOOK) (Record no. 193123)

000 -LEADER
fixed length control field 00721 a2200229 4500
003 - CONTROL NUMBER IDENTIFIER
control field Nust
005 - DATE AND TIME OF LATEST TRANSACTION
control field 20170207154051.0
010 ## - LIBRARY OF CONGRESS CONTROL NUMBER
LC control number 2009292542
020 ## - INTERNATIONAL STANDARD BOOK NUMBER
International Standard Book Number 0863723322
020 ## - INTERNATIONAL STANDARD BOOK NUMBER
International Standard Book Number 9780863723322
035 ## - SYSTEM CONTROL NUMBER
System control number (OCoLC)ocn192079334
040 ## - CATALOGING SOURCE
Transcribing agency Nust
082 ## - DEWEY DECIMAL CLASSIFICATION NUMBER
Classification number 297
100 1# - MAIN ENTRY--PERSONAL NAME
Personal name Elgamri, Elzain.
245 10 - TITLE STATEMENT
Title Islam in the British broadsheets :the impact of Orientalism on representations of Islam in the British press -(E-BOOK)
Statement of responsibility, etc. Elzain Elgamri.
260 ## - PUBLICATION, DISTRIBUTION, ETC.
Place of publication, distribution, etc. Reading, UK :
Name of publisher, distributor, etc. Ithaca Press,
Date of publication, distribution, etc. 2008.
300 ## - PHYSICAL DESCRIPTION
Extent xxv, 244 ;
Dimensions 24 cm.
650 #0 - SUBJECT ADDED ENTRY--TOPICAL TERM
Topical term or geographic name entry element Islam
General subdivision Press coverage
Geographic subdivision Great Britain.
650 #0 - SUBJECT ADDED ENTRY--TOPICAL TERM
Topical term or geographic name entry element Journalism
General subdivision Objectivity
Geographic subdivision Great Britain.
650 #0 - SUBJECT ADDED ENTRY--TOPICAL TERM
Topical term or geographic name entry element Muslims
General subdivision Press coverage
Geographic subdivision Great Britain.
651 ## - SUBJECT ADDED ENTRY--GEOGRAPHIC NAME
Geographic name E-BOOK
942 ## - ADDED ENTRY ELEMENTS (KOHA)
Source of classification or shelving scheme
Koha item type Book
Holdings
Withdrawn status Lost status Source of classification or shelving scheme Damaged status Not for loan Collection code Permanent Location Current Location Date acquired Total Checkouts Full call number Barcode Date last seen Price effective from Koha item type
            Military College of Signals (MCS) Military College of Signals (MCS) 12/12/2016   297 ELG MCSEB-2748 12/08/2016 12/12/2016 Book
© 2023 Central Library, National University of Sciences and Technology. All Rights Reserved.